Los que fui precedido de Los sueños y la pierna: fábulas de los orígenes y otros textos

Saved in:
Bibliographic Details
Main Author: Michaux, Henri (autor)
Format: Book
Language:Spanish
Published: Buenos Aires Paradiso 2018
Edition:1a. ed
Series:Paradiso Poesía
Subjects:
Tags: Add Tag
No Tags, Be the first to tag this record!

MARC

LEADER 00000cam a2200000 a 4500
001 UCC6524
003 CL-VaPUC
008 181213e20180000ag |||||||||||||||||spa|d
020 |a 9789874170057 
082 0 4 |a 843  |b MIC  |2 21 
100 |a Michaux, Henri  |e autor  |9 332740 
245 1 4 |a Los que fui precedido de Los sueños y la pierna: fábulas de los orígenes y otros textos 
250 |a 1a. ed 
300 |a 222 p 
942 |c BK 
945 |d 20181213 14:55:00  |a dcastane 
260 |a Buenos Aires  |b Paradiso  |c 2018 
650 0 |a Narrativa francesa  |9 527755 
650 0 |a Poesía francesa  |9 264947 
650 0 |a Literatura francesa  |9 266330 
583 |a last modification  |c 20181213 14:55:00  |k Rodrigo Vera 
490 0 |a Paradiso Poesía 
999 |c 373465  |d 373463 
952 |0 0  |1 0  |3 erb  |4 0  |6 843_000000000000000_MIC_2018  |7 0  |8 A  |9 491572  |a BIBART  |b BIBART  |i 5523044  |l 1  |m 2  |o 843 MIC 2018  |p 5523044  |r 2025-03-13  |s 2023-08-08  |w 2019-11-24  |y BK  |z Catalogado en:20181213  |k ART